Countries that have colonized or occupied Taiwan - Statistics

General Stats
  • This quiz has been taken 287 times
  • The average score is 5 of 8
Answer Stats
Hint Answer % Correct
1945- Republic of China
100%
1895-1945 Japan
98%
1626-1642 Spain
75%
1624-1662 Netherlands
74%
1884-1885 France
63%
1683-1895 Qing Dynasty
63%
1661-1683 Ming Dynasty (South Ming)
54%
1895 Republic of Formosa
15%
No matching quizzes found
Score Distribution
Percent of People with Each Score
Percentile by Number Answered
Your Score History
You have not taken this quiz